|
|
|
|
| LEADER |
01783nam a2200457 a 4500 |
| 001 |
001109874 |
| 003 |
CZ BrMZK |
| 005 |
20101122100036.0 |
| 006 |
m||||||||d|||||||| |
| 007 |
co^cg |
| 008 |
100810s2010 xr e 00| 0 cze |
| 015 |
|
|
|a cnb002027946
|
| 020 |
|
|
|a 978-80-248-2159-7
|q (CDR)
|
| 040 |
|
|
|a BOA001
|b cze
|
| 072 |
|
7 |
|a 00
|x Věda. Všeobecnosti. Základy vědy a kultury. Vědecká práce
|2 Konspekt
|9 12
|
| 080 |
|
|
|a 001.89
|2 MRF
|
| 080 |
|
|
|a 001.102
|2 MRF
|
| 080 |
|
|
|a 655.411
|2 MRF
|
| 080 |
|
|
|a 808.1/.2
|2 MRF
|
| 080 |
|
|
|a 659.21
|2 MRF
|
| 080 |
|
|
|a (048.8)
|2 MRF
|
| 080 |
|
|
|a (0.034.44)
|2 MRF
|
| 100 |
1 |
|
|a Tkačíková, Daniela,
|d 1953-
|7 js20011127001
|4 aut
|
| 245 |
1 |
0 |
|a Moderní metody uchovávání a šíření výsledků výzkumu a vývoje
|h [elektronický zdroj] /
|c zpracovala Daniela Tkačíková
|
| 250 |
|
|
|a 1. vyd.
|
| 260 |
|
|
|a Ostrava :
|b Vysoká škola báňská - Technická univerzita Ostrava,
|c 2010
|
| 300 |
|
|
|a 1 CD-ROM
|
| 500 |
|
|
|a Název z tit. obrazovky
|
| 500 |
|
|
|a "Vytvořeno v rámci projektu Operačního programu Vzdělávání pro konkurenceschopnost CZ.1.07/2.3.00/09.194 Digitální portfolio"
|
| 538 |
|
|
|a Požadavky na systém: Adobe Acrobat Reader
|
| 650 |
0 |
7 |
|a výzkum a vývoj
|7 ph472862
|2 czenas
|
| 650 |
0 |
7 |
|a vědecké informace
|7 ph127367
|2 czenas
|
| 650 |
0 |
7 |
|a vědecké práce
|7 ph127374
|2 czenas
|
| 650 |
0 |
7 |
|a publikační činnost
|7 ph137479
|2 czenas
|
| 650 |
0 |
7 |
|a prezentace informací
|7 ph124599
|2 czenas
|
| 655 |
|
7 |
|a monografie
|7 fd132842
|2 czenas
|
| 655 |
|
7 |
|a CD-ROM
|7 fd133955
|2 czenas
|
| 910 |
|
|
|a BOA001
|b CDR-1246.253
|
| 990 |
|
|
|a BK
|
| 991 |
|
|
|b 201011
|c NOV
|e n
|
| 996 |
3 |
|
|b 2610445304
|c CDR-1246.253
|l Stud. periodik/2.patro
|r Sklad / do 1 hodiny
|n 2
|p p.v.
|w 001138138
|u 000010
|a 1
|e BOA001
|j MZK50
|s N
|